[Event "Winter Seniors op"]
[Site "Winnipeg CAN"]
[Date "2026.01.23"]
[Round "3.4"]
[White "Green, Jim"]
[Black "Melnyk, James"]
[Result "1/2-1/2"]
[WhiteElo "1850"]
[BlackElo "1695"]
[WhiteFideId "-1"]
[BlackFideId "-1"]
[PlyCount "150"]
[GameId "2273132456112609"]
[EventDate "2026.01.09"]
[EventType "swiss"]
[EventRounds "4"]
[EventCountry "CAN"]

1. e4 d6 2. d4 Nf6 3. Nc3 c6 4. h3 Qa5 5. Bd3 e5 6. dxe5 dxe5 7. Nf3 Be7 8. O-O Nbd7 9. a3 O-O 10. Be3 Re8 11. Qd2 Qc7 12. b4 Nf8 13. Ne2 Ng6 14. c3 h6 15. Ng3 Rd8 16. Qe2 Be6 17. Bc4 Bc8 18. Qa2 Bf8 19. Rfd1 Rxd1+ 20. Rxd1 a5 21. Qd2 Bd7 22. Qa2 Be8 23. Qd2 axb4 24. axb4 Be7 25. Qc2 b5 26. Bb3 c5 27. bxc5 Bxc5 28. Bxc5 Qxc5 29. Bd5 Rc8 30. Ne2 Rc7 31. Qb3 Kf8 32. Ne1 Qe7 33. Nd3 Bc6 34. Nb4 Bxd5 35. Nxd5 Nxd5 36. Rxd5 Rc5 37. Qd1 Kg8 38. Rd8+ Kh7 39. Rd7 Qg5 40. Rxf7 Nf4 41. Nxf4 exf4 42. Qf3 Qe5 43. Rf5 Qxc3 44. Qxc3 Rxc3 45. Rxb5 Rc1+ 46. Kh2 Re1 47. f3 Re3 48. h4 g6 49. Rb7+ Kg8 50. Kh3 Re2 51. g4 fxg3 52. Kxg3 Re1 53. Kg2 Re2+ 54. Kg3 Re1 55. Kf4 Rh1 56. Ke5 Rxh4 57. f4 Rg4 58. Kf6 h5 59. e5 Rxf4+ 60. Kxg6 Rg4+ 61. Kxh5 Re4 62. Kg6 Kf8 63. Kf6 Ke8 64. Ke6 Kd8 65. Rd7+ Ke8 66. Ra7 Kd8 67. Ra5 Re1 68. Rd5+ Ke8 69. Kd6 Kf7 70. Rd4 Re2 71. Rf4+ Ke8 72. e6 Rd2+ 73. Ke5 Re2+ 74. Re4 Rf2 75. Re3 Ke7 1/2-1/2

[Event "Winter Seniors op"]
[Site "Winnipeg CAN"]
[Date "2026.01.23"]
[Round "3.5"]
[White "Greenberg, Harley"]
[Black "Remillard, John"]
[Result "1/2-1/2"]
[WhiteElo "1732"]
[BlackElo "1622"]
[WhiteFideId "-1"]
[BlackFideId "-1"]
[PlyCount "43"]
[GameId "2273132456112610"]
[EventDate "2026.01.09"]
[EventType "swiss"]
[EventRounds "4"]
[EventCountry "CAN"]

1. d4 Nf6 2. c4 d6 3. Nc3 g6 4. e3 Bg7 5. Bd3 O-O 6. Nge2 e5 7. O-O Re8 8. Ng3 exd4 9. exd4 Nc6 10. Nge2 Ng4 11. h3 Nh6 12. Be3 Qh4 13. Qd2 Nf5 14. Bg5 Qh5 15. g4 Qxh3 16. gxf5 Qg4+ 17. Ng3 Nxd4 18. Qf4 Nf3+ 19. Kg2 Nh4+ 20. Kh2 Nf3+ 21. Kg2 Nh4+ 22. Kh2 1/2-1/2

[Event "Winter Seniors op"]
[Site "Winnipeg CAN"]
[Date "2026.01.23"]
[Round "3.6"]
[White "Ott, Richard"]
[Black "Minano, John"]
[Result "0-1"]
[WhiteElo "1648"]
[BlackElo "1690"]
[WhiteFideId "-1"]
[BlackFideId "-1"]
[PlyCount "57"]
[GameId "2273132456112611"]
[EventDate "2026.01.09"]
[EventType "swiss"]
[EventRounds "4"]
[EventCountry "CAN"]

1. Nf3 f5 2. d4 Nf6 3. Nbd2 e6 4. e3 Be7 5. Bd3 d5 6. O-O O-O 7. c4 c6 8. Qc2 Ne4 9. c5 Nd7 10. Bxe4 fxe4 11. Ne5 Nxe5 12. dxe5 Rf5 13. f4 Qf8 14. b4 a5 15. bxa5 Bxc5 16. Nb3 Bb4 17. Bd2 Bxd2 18. Qxd2 Qe7 19. Rab1 Qc7 20. Nd4 Rf8 21. Rfc1 Qxa5 22. Qxa5 Rxa5 23. Rb2 Ra7 24. Rcb1 Rf7 25. Kf2 Rc7 26. Rc2 Kf8 27. Nb5 Rxa2 28. Rxa2 cxb5 29. Rxb5 0-1

[Event "Winter Seniors op"]
[Site "Winnipeg CAN"]
[Date "2026.01.30"]
[Round "4.1"]
[White "Klokow, John"]
[Black "Nagelberg, Alan"]
[Result "0-1"]
[WhiteElo "1839"]
[BlackElo "1966"]
[WhiteFideId "-1"]
[BlackFideId "-1"]
[PlyCount "58"]
[GameId "2273132456112612"]
[EventDate "2026.01.09"]
[EventType "swiss"]
[EventRounds "4"]
[EventCountry "CAN"]

1. e4 c5 2. Nf3 a6 3. c3 e6 4. d4 d5 5. dxc5 Bxc5 6. exd5 exd5 7. Be2 Nf6 8. O-O h6 9. Nbd2 O-O 10. Nb3 Ba7 11. h3 Nc6 12. Nbd4 Ne4 13. Be3 f5 14. Nc2 Bb8 15. Bd4 Qd6 16. Ne3 Ng5 17. Re1 Nxf3+ 18. Bxf3 Qh2+ 19. Kf1 Re8 20. g3 f4 21. Ng4 Qxh3+ 22. Kg1 Rxe1+ 23. Qxe1 Bxg4 24. Qe8+ Kh7 25. Bxd5 Bc7 26. Qxa8 Nd8 27. Bg2 Qh5 28. gxf4 Bf3 29. Be5 Qg4 0-1

[Event "Winter Seniors op"]
[Site "Winnipeg CAN"]
[Date "2026.01.30"]
[Round "4.2"]
[White "Lauritson, Jim"]
[Black "Boron, Anthony"]
[Result "0-1"]
[WhiteElo "1941"]
[BlackElo "1941"]
[WhiteFideId "-1"]
[BlackFideId "-1"]
[PlyCount "60"]
[GameId "2273132456112613"]
[EventDate "2026.01.09"]
[EventType "swiss"]
[EventRounds "4"]
[EventCountry "CAN"]

1. d4 d6 2. c4 e5 3. e3 c6 4. Nc3 Ne7 5. g3 h5 6. h3 Bf5 7. Bg2 Nd7 8. Nge2 Bg6 9. b4 Nb6 10. Qb3 Bd3 11. c5 Bc4 12. Qc2 dxc5 13. bxc5 exd4 14. exd4 Bd5 15. Ne4 Bxe4 16. Qxe4 Nbd5 17. O-O Qd7 18. Bf4 Nxf4 19. Nxf4 O-O-O 20. Rfd1 g5 21. Qe5 Bg7 22. Qxg5 Rdg8 23. Qh4 Nf5 24. Qg5 Bxd4 25. Ng6 Rxg6 26. Qf4 Nxg3 27. Kh2 Ne2 28. Qf3 Qc7+ 29. Kh1 Bxa1 30. Rxa1 Nf4 0-1

[Event "Winter Seniors op"]
[Site "Winnipeg CAN"]
[Date "2026.01.30"]
[Round "4.3"]
[White "Kuryliw, Ray"]
[Black "Melnyk, James"]
[Result "1-0"]
[WhiteElo "1893"]
[BlackElo "1695"]
[WhiteFideId "-1"]
[BlackFideId "-1"]
[PlyCount "103"]
[GameId "2273132456112614"]
[EventDate "2026.01.09"]
[EventType "swiss"]
[EventRounds "4"]
[EventCountry "CAN"]

1. d4 Nc6 2. Bf4 d5 3. e3 Bf5 4. Nf3 Nf6 5. Ne5 h6 6. Bb5 Bd7 7. Nxd7 Qxd7 8. c3 a6 9. Bd3 e6 10. Nd2 Ne7 11. Nf3 Nc6 12. Ne5 Nxe5 13. Bxe5 Be7 14. h3 Bd6 15. Qc2 Qe7 16. b4 Bxe5 17. dxe5 Nd7 18. f4 Qh4+ 19. Qf2 Qxf2+ 20. Kxf2 O-O 21. g4 Rfc8 22. e4 Nb6 23. a4 c6 24. a5 dxe4 25. Bxe4 Nd5 26. Bxd5 cxd5 27. Rac1 Rc4 28. Ke3 Rac8 29. Kd3 Rxf4 30. Rhe1 Rfc4 31. Kd2 Kh7 32. Rf1 Kg6 33. Rf3 d4 34. Rb1 dxc3+ 35. Kc2 R8c7 36. Re3 R7c6 37. b5 R6c5 38. bxa6 bxa6 39. Rb7 Rc7 40. Rxc7 Rxc7 41. Rxc3 Rxc3+ 42. Kxc3 Kg5 43. Kc4 Kf4 44. Kc5 Kxe5 45. Kb6 Kd4 46. Kxa6 e5 47. Kb5 e4 48. a6 e3 49. a7 e2 50. a8=Q e1=Q 51. Qd8+ Kc3 52. Qa5+ 1-0

[Event "Winter Seniors op"]
[Site "Winnipeg CAN"]
[Date "2026.01.30"]
[Round "4.4"]
[White "Minano, John"]
[Black "Remillard, John"]
[Result "1-0"]
[WhiteElo "1690"]
[BlackElo "1622"]
[WhiteFideId "-1"]
[BlackFideId "-1"]
[PlyCount "49"]
[GameId "2273132456112615"]
[EventDate "2026.01.09"]
[EventType "swiss"]
[EventRounds "4"]
[EventCountry "CAN"]

1. Nf3 c5 2. g3 b6 3. Bg2 Bb7 4. O-O d5 5. d3 Nd7 6. Nbd2 Ngf6 7. Re1 e5 8. e4 Qc7 9. exd5 Bxd5 10. Qe2 Bd6 11. Nc4 O-O-O 12. a4 e4 13. Nxd6+ Qxd6 14. dxe4 Rhe8 15. Bf4 Qc6 16. exd5 Qxd5 17. Ne5 Nxe5 18. Bxd5 Nxd5 19. Qa6+ Kb8 20. Bxe5+ Ka8 21. Qb5 Kb7 22. Rad1 f6 23. Rxd5 a6 24. Rd7+ Kc8 25. Qc6# 1-0

[Event "Winter Seniors op"]
[Site "Winnipeg CAN"]
[Date "2026.01.30"]
[Round "4.5"]
[White "Ott, Richard"]
[Black "Greenberg, Harley"]
[Result "1-0"]
[WhiteElo "1648"]
[BlackElo "1732"]
[WhiteFideId "-1"]
[BlackFideId "-1"]
[PlyCount "67"]
[GameId "2273132456112616"]
[EventDate "2026.01.09"]
[EventType "swiss"]
[EventRounds "4"]
[EventCountry "CAN"]

1. Nf3 d5 2. b4 Nf6 3. Bb2 e6 4. a3 c5 5. bxc5 Bxc5 6. d4 Be7 7. e3 Nc6 8. Nbd2 a6 9. c4 dxc4 10. Bxc4 b5 11. Bd3 Bb7 12. O-O e5 13. Be2 exd4 14. exd4 O-O 15. Qb1 Nd5 16. Rd1 Rc8 17. Ne5 Nf4 18. Bf3 Nxe5 19. Bxb7 Ned3 20. Bxc8 Qd5 21. Bh3 Nxh3+ 22. gxh3 Qg5+ 23. Kf1 Nf4 24. Qe4 Qh4 25. Nf3 Qxh3+ 26. Ke1 Ng2+ 27. Ke2 Re8 28. d5 Kf8 29. d6 Bf6 30. Qxe8+ Kxe8 31. d7+ Kd8 32. Bxf6+ gxf6 33. Rac1 Qe6+ 34. Kf1 1-0